01337nam a2200325Ia 4500001001200000003000800012006001900020007001500039008004100054010001700095020002800112040002100140035002100161050002400182100001700206245013300223260004800356300002300404504006400427533015200491650004700643650005600690650003000746655002900776700002600805700002000831710001700851856012600868999001700994ebr10086938CaPaEBRm u cr cn|||||||||950620s1996 nyua sb 001 0 eng d z 95032607  z0195093240 (alk. paper) aCaPaEBRcCaPaEBR a(OCoLC)22811851914aHV9469b.U84 1996eb1 aUseem, Bert.10aResolution of prison riotsh[electronic resource] :bstrategies and policies /cBert Useem, Camille Graham Camp, George M. Camp. aNew York :bOxford University Press,c1996. avi, 223 p. :bill. aIncludes bibliographical references (p. 193-211) and index. aElectronic reproduction.bPalo Alto, Calif. :cebrary,d2009.nAvailable via World Wide Web.nAccess may be limited to ebrary affiliated libraries. 0aPrison riotszUnited StatesvCase studies. 0aPrison administrationzUnited StatesvCase studies. 0aPrison riotsxPrevention. 7aElectronic books.2local1 aCamp, Camille Graham.1 aCamp, George M.2 aebrary, Inc.40uhttp://site.ebrary.com/lib/rucke/Doc?id=10086938zAn electronic book accessible through the World Wide Web; click to view c51503d51503